000 00622cab a2200229 4500
001 X914
008 090401t1993 xxu||||| |||| 00| 0 eng d
035 _a(Sirsi) u68222
041 _aeng
245 _aCo-ordinate rural policy, say planning bodies
260 _c1993
350 _a0
490 _aCS Monthly : Rural Practice
_v2(10) July/August 1993, 1(1)
650 _aCOUNTY PLANNING OFFICERS SOCIETY
650 _aDISTRICT PLANNING OFFICERS SOCIETY
650 _aPLANNING POLICY
650 _aRTPI
690 _aPLANNING LAW AND PRACTICE
690 _aRURAL PRACTICE
942 _n0
948 _c04/03/1997
999 _c42785
_d42785